CATÁLOGO PÚBLICO DE LA BIBLIOTECA OSCAR VARSAVSKY

IVEPLAN. Curso “Introducción a la Planificación”. Lecturas seleccionadas: La planificación del Desarrollo / (Registro nro. 5274)

Detalles MARC
000 -CABECERA
campo de control de longitud fija 00644nam a22001817a 4500
001 - NÚMERO DE CONTROL
campo de control T027600004133
008 - DATOS DE LONGITUD FIJA--INFORMACIÓN GENERAL
campo de control de longitud fija 181111b xve|||||r|||| 00| | esp d
099 ## - SIGNATURA TOPOGRÁFICA LOCAL
Número de clasificación IVP-D-00790.1
Cutter
100 ## - ENTRADA PRINCIPAL--NOMBRE DE PERSONA
Nombre de persona Ahumada, Jorge
245 ## - MENCIÓN DE TÍTULO
Título IVEPLAN. Curso “Introducción a la Planificación”. Lecturas seleccionadas: La planificación del Desarrollo /
Resto del título Plan Nacional de Desarrollo Regional.
260 ## - PUBLICACIÓN, DISTRIBUCIÓN, ETC. (PIE DE IMPRENTA)
Lugar de publicación, distribución, etc.
500 ## - NOTA GENERAL
Nota general Fotocopiado
650 ## - PUNTO DE ACCESO ADICIONAL DE MATERIA--TÉRMINO DE MATERIA
Término de materia o nombre geográfico como elemento inicial Planificación--Colecciones de Escritos.
700 ## - PUNTO DE ACCESO ADICIONAL--NOMBRE DE PERSONA
Nombre de persona Instituto Latinoamericano de Planificación Económica y Social (ILPES)
Término indicativo de función/relación
700 ## - PUNTO DE ACCESO ADICIONAL--NOMBRE DE PERSONA
Nombre de persona Lewis, W. Arthur
Término indicativo de función/relación
700 ## - PUNTO DE ACCESO ADICIONAL--NOMBRE DE PERSONA
Nombre de persona Trebino, Jorge.
Término indicativo de función/relación
942 ## - ELEMENTOS DE PUNTO DE ACCESO ADICIONAL (KOHA)
Tipo de ítem Koha Libro
Existencias
Estado de retiro Estado de pérdida Estado dañado No para préstamo Código de colección Localización permanente Ubicación/localización actual Ubicación en estantería Fecha de adquisición Total de préstamos Signatura topográfica completa Código de barras Fecha visto por última vez Precio válido a partir de Tipo de ítem Koha Número de copia
        IVP Oscar Varsavsky Oscar Varsavsky Caja N° 120 13.11.2018   IVP-D-00790.1 T027600004125 13.11.2018 13.11.2018 Documento  
        IVP Oscar Varsavsky Oscar Varsavsky Caja N° 120 13.11.2018   IVP-D-00790.1 T027600013273 13.11.2018 13.11.2018 Documento e.2
        IVP Oscar Varsavsky Oscar Varsavsky Caja N° 120 13.11.2018   IVP-D-00790.1 T027600013274 13.11.2018 13.11.2018 Documento e.3